000 00451ntaaa2200181 4500
003 01
005 20251027201828.0
008 0714s1973 ag 01
040 _aAR-BaBN
_bspa
_cAR-BaBN
_eaacr
_dRIC
082 _a244.0000 P538
100 _aPhelps, Guy Fitch
_916764
245 _aEl profeta negro
250 _a1 ed.
260 _aEl Paso :
_bCasa Bautista de Publicaciones,
_c1924
300 _a344 p
650 _anovelas religiosas
942 _cBK
999 _c12978
_d12978